Statistiques concernant Pays dont le drapeau possède 3 couleurs

Cliquez ici pour prendre le quiz!

Statistiques générales

  • Ce quiz a été pris 221 fois
    (194 depuis la dernière actualisation)
  • Le résultat moyen est 47 sur 71

Statistiques - réponses

Nom du pays% Correct
26France
98%
1Allemagne
94%
8Belgique
91%
62Russie
91%
25Etats-Unis
89%
34Irlande
87%
35Italie
86%
5Australie
85%
56Pays-Bas
85%
2Algérie
79%
24Estonie
78%
42Luxembourg
78%
60Roumanie
78%
52Norvège
77%
61Royaume-Uni
77%
13Bulgarie
75%
22Côte d'Ivoire
75%
31Islande
75%
41Lituanie
75%
53Nouvelle-Zélande
74%
18Chili
73%
20Colombie
73%
66Sénégal
73%
23Cuba
72%
57République Démocratique du Congo
72%
29Guinée
71%
46Mali
71%
30Hongrie
70%
58République du Congo
70%
51Niger
69%
4Arménie
67%
17Cameroun
67%
21Corée du Nord
67%
9Bénin
65%
32Iran
65%
43Madagascar
65%
55Panama
65%
59République Tchèque
65%
69Tchad
65%
70Thaïlande
65%
12Botswana
64%
38Laos
64%
68Slovaquie
63%
72Yémen
63%
14Burkina Faso
60%
16Cambodge
60%
27Gabon
60%
36Jamaïque
59%
50Népal
58%
10Biélorussie
57%
40Liberia
57%
54Oman
56%
6Bahamas
55%
39Liban
54%
64Samoa
54%
3Angola
53%
11Bosnie-Herzégovine
53%
15Burundi
53%
63Rwanda
53%
7Barbade
51%
19Chypre
51%
48Mongolie
49%
67Sierra Leone
49%
37Kosovo
45%
49Nauru
45%
45Maldives
44%
71Trinité-et-Tobago
44%
28Grenade
43%
47Marshall
43%
44Malawi
42%
65Saint-Vincent-et-les-Grenadines
38%

Distribution des résultats

Percentile par nombre de réponses

% des personnes avec chaque résultat

Votre développement - résultats

Vous n’avez pas pris ce quiz depuis la dernière actualisation